000
00214nam a22001097a 4500
041
_a
ENG
245
_a
Shariy Mruda Sudhar Ke Upay
260
_a
Delhi
_b
ICER
_c
1986
300
_a
07
650
_a
GAE
856
_u
GAE
999
_c
2626
_d
2626